Multikulturalismus - ztracené paradigma?
Gespeichert in:
| 1. Verfasser: | |
|---|---|
| Format: | Buch |
| Sprache: | Tschechisch |
| Veröffentlicht: |
Olomouc
Univerzita Palackého v Olomouci
2014
|
| Schlagworte: | |
| Tags: |
Keine Tags, Fügen Sie das erste Tag hinzu!
|
MARC
| LEADER | 00000nam a2200000 4500 | ||
|---|---|---|---|
| 001 | 0221949 | ||
| 005 | 20240314103506.3 | ||
| 020 | |a 978-80-244-4134-4 | ||
| 041 | 0 | |a cze | |
| 044 | |a CZ | ||
| 245 | 1 | 0 | |a Multikulturalismus - ztracené paradigma? |c Andrea Preissová Krejčí |
| 264 | 1 | |a Olomouc |b Univerzita Palackého v Olomouci |c 2014 | |
| 300 | |a 202 s. | ||
| 610 | 2 | 0 | |a multikulturalizmus |
| 610 | 2 | 0 | |a ideológia |
| 610 | 2 | 0 | |a postmodernizmus |
| 610 | 2 | 0 | |a filozofia |
| 610 | 2 | 0 | |a antropológia |
| 610 | 2 | 0 | |a menšiny národnostné |
| 610 | 2 | 0 | |a etnikum |
| 610 | 2 | 0 | |a konflikty |
| 610 | 2 | 0 | |a spoločnosť |
| 610 | 2 | 0 | |a vzdelanie |
| 610 | 2 | 0 | |a výchova |
| 610 | 2 | 0 | |a tolerancia |
| 610 | 2 | 0 | |a Rómovia |
| 610 | 2 | 0 | |a moslimovia |
| 610 | 2 | 0 | |a cudzinci |
| 610 | 2 | 0 | |a Česko |
| 100 | 1 | |a Preissová Krejčí, Andrea | |